000 00294nam a22001337a 4500
008 170526b xxu||||| |||| 00| 0 eng d
020 _a3486219413
041 _aGER
080 _a621
100 _a27
101 _aIM
245 _aEINFUHRUNG IN SYSTEMFORSCHUNG
_cHANSSMANN
942 _2udc
_cBK
999 _c14590
_d14590